<?xml version="1.0" encoding="UTF-8"?>
<collection xmlns="http://www.loc.gov/MARC21/slim">
<record>
  <controlfield tag="001">112430</controlfield>
  <controlfield tag="005">20251219150009.0</controlfield>
  <datafield tag="024" ind1="7" ind2=" ">
    <subfield code="2">doi</subfield>
    <subfield code="a">10.6018/reapi.506271</subfield>
  </datafield>
  <datafield tag="024" ind1="8" ind2=" ">
    <subfield code="2">sideral</subfield>
    <subfield code="a">128509</subfield>
  </datafield>
  <datafield tag="037" ind1=" " ind2=" ">
    <subfield code="a">ART-2021-128509</subfield>
  </datafield>
  <datafield tag="041" ind1=" " ind2=" ">
    <subfield code="a">spa</subfield>
  </datafield>
  <datafield tag="100" ind1=" " ind2=" ">
    <subfield code="a">Juan García, N.</subfield>
    <subfield code="u">Universidad de Zaragoza</subfield>
    <subfield code="0">(orcid)0000-0002-2506-6503</subfield>
  </datafield>
  <datafield tag="245" ind1=" " ind2=" ">
    <subfield code="a">Procesos artísticos participativos y colaborativos en los distritos culturales de Burdeos y Nantes</subfield>
  </datafield>
  <datafield tag="260" ind1=" " ind2=" ">
    <subfield code="c">2021</subfield>
  </datafield>
  <datafield tag="506" ind1="0" ind2=" ">
    <subfield code="a">Access copy available to the general public</subfield>
    <subfield code="f">Unrestricted</subfield>
  </datafield>
  <datafield tag="520" ind1="3" ind2=" ">
    <subfield code="a">This paper analyses the burgeoning impulse, in the main cultural districts of Bordeaux and Nantes, of participative and collaborative art  practices.  Such  adjectives  are  not  synonymous  but,  true enough,  it  is  sometimes  difficult  to differentiate  these  two categories of relational art; moreover, co-working spaces could literally be considered another kind of collaboration process. All in all, beyond terminology matters, the aim of this essay is to point out the flourishing of combined official and community-based initiatives. A model of arts-led urban revitalisation seeking greater involvement of the local ecosystem shaping a “cultural district”, as alternative to the paradigm of the singular institutional trigger worldly identified with the Guggenheim-Bilbao. Nowadays there are many counter-examples in Bilbao and in French cities on the Bay of Biscay.   Este artículo analiza el prolífico impulso en los principales distritos culturales de Burdeos y Nantes del arte participativo y colaborativo. Tales adjetivos no son sinónimos, pero es cierto que a veces es difícil diferenciar estas dos categorías de arte relacional; por otro lado, los espacios de co-working podrían ser designados, al pie de la letra, como otro tipo de proceso de co-laboración. Con todo, más allá de la terminología, lo que pretende esta reflexión es constatar el florecimiento de iniciativas oficiales y de base comunitaria combinadas. Un modelo de revitalización urbana a través de las artes con mayor involucración del ecosistema local formando un “distrito cultural”, como alternativa frente al paradigma del singular detonante institucional mundialmente identificado con el Guggenheim-Bilbao. Hoy día no faltan los contraejemplos bilbaínos y en ciudades francesas del golfo de Vizcaya.</subfield>
  </datafield>
  <datafield tag="536" ind1=" " ind2=" ">
    <subfield code="9">info:eu-repo/grantAgreement/ES/AEI-FEDER/PGC2018-094351-B-C41</subfield>
  </datafield>
  <datafield tag="540" ind1=" " ind2=" ">
    <subfield code="9">info:eu-repo/semantics/openAccess</subfield>
    <subfield code="a">by-nc-nd</subfield>
    <subfield code="u">https://creativecommons.org/licenses/by-nc-nd/4.0/deed.es</subfield>
  </datafield>
  <datafield tag="655" ind1=" " ind2="4">
    <subfield code="a">info:eu-repo/semantics/article</subfield>
    <subfield code="v">info:eu-repo/semantics/publishedVersion</subfield>
  </datafield>
  <datafield tag="700" ind1=" " ind2=" ">
    <subfield code="a">Lorente Lorente, J.P.</subfield>
    <subfield code="u">Universidad de Zaragoza</subfield>
    <subfield code="0">(orcid)0000-0003-4500-5182</subfield>
  </datafield>
  <datafield tag="710" ind1="2" ind2=" ">
    <subfield code="1">3007</subfield>
    <subfield code="2">465</subfield>
    <subfield code="a">Universidad de Zaragoza</subfield>
    <subfield code="b">Dpto. Historia del Arte</subfield>
    <subfield code="c">Área Historia del Arte</subfield>
  </datafield>
  <datafield tag="773" ind1=" " ind2=" ">
    <subfield code="g">25 (2021), 205-224</subfield>
    <subfield code="p">Arte polít. identidad</subfield>
    <subfield code="t">ARTE Y POLITICAS DE IDENTIDAD</subfield>
    <subfield code="x">1889-979X</subfield>
  </datafield>
  <datafield tag="856" ind1="4" ind2=" ">
    <subfield code="s">946191</subfield>
    <subfield code="u">http://zaguan.unizar.es/record/112430/files/texto_completo.pdf</subfield>
    <subfield code="y">Versión publicada</subfield>
  </datafield>
  <datafield tag="856" ind1="4" ind2=" ">
    <subfield code="s">614201</subfield>
    <subfield code="u">http://zaguan.unizar.es/record/112430/files/texto_completo.jpg?subformat=icon</subfield>
    <subfield code="x">icon</subfield>
    <subfield code="y">Versión publicada</subfield>
  </datafield>
  <datafield tag="909" ind1="C" ind2="O">
    <subfield code="o">oai:zaguan.unizar.es:112430</subfield>
    <subfield code="p">articulos</subfield>
    <subfield code="p">driver</subfield>
  </datafield>
  <datafield tag="951" ind1=" " ind2=" ">
    <subfield code="a">2025-12-19-14:58:11</subfield>
  </datafield>
  <datafield tag="980" ind1=" " ind2=" ">
    <subfield code="a">ARTICLE</subfield>
  </datafield>
</record>
</collection>